| 000 | 00650cam a22002055a 4500 | ||
|---|---|---|---|
| 001 | L157514 | ||
| 008 | 130109s2010 xxk f 000 0 eng d | ||
| 035 | _a(Sirsi) u157514 | ||
| 041 | 0 | _aeng | |
| 050 | 0 | 4 | _a624.25 |
| 110 | 2 | _aCorus | |
| 245 | 0 | 0 |
_aSteel bridges _bmaterial matters _bmaterial selection and product specification |
| 260 |
_aScunthorpe _bCorus _c2010 |
||
| 520 | _aA study of the material properties and specification and the design requirements necessary to construct a steel bridge. | ||
| 590 | _aKA | ||
| 650 | 2 | 4 | _aConstruction, materials, bridges, steel |
| 651 | 4 | _aENGLAND AND WALES | |
| 690 | _aMaterials | ||
| 942 | _n0 | ||
| 999 |
_c114813 _d114813 |
||